00961nam a22002177a 4500003000500000005001700005007000300022008004100025040001000066100004200076245016300118264007400281300004800355502009200403700003200495700003600527720004100563720005200604720004300656720004400699CSPC20250210134302.0ta250210s2018 ph a mabs 000 0 eng  cCSPC  aManchete, Maria Adeline C. eauthor.  aOn-the-job training preparedness of Bachelor of Science in Office Administration students of Camarines Sur Polytechnic Colleges / cMaria Adeline C. Manchete  aBuhi, Camarines Sur : bCamarines Sur Polytechnic Colleges ; c2018.  axv, 95 leaves : billustrations ; c28 cm.  aUndergraduate Theses (BSOA) Office Administration cCamarines Sur Polytechnic Colleges  aNaron, Regine O. eauthor.  aRomano, Jessa Mae C. eauthor.  aPenetrante, Nancy S. MBA eadviser.  aManzano, Maria Teresa J. PhDepanelist chairman aZaballa, Helen V. LPTepanelist member aFederis, Melany C. MBMepanelist member